000 00844nam a2200277Ia 4500
003 OSt
005 20221006155902.0
006 a|||||r|||| 00| 0
007 ta
008 221006b |||||||| |||| 00| 0 eng d
020 _a9780804761291
_c¥7245
024 _a43,744
037 _bGift, Japan Foundation
_cTextual
040 _aEASL
_cEASL
_beng
041 _2eng
_aeng
082 _aY22:(S1z7).42, P9
100 _aHertog Ekaterina
_9670786
245 0 _aTough choices
_b Bearing an illegitimate child in contemporary Japan
260 _aStanford
_bStanford University Press
_c2009
300 _a228p.
_ccm.
490 _v JEL
650 _a JEL
650 _aUnmarried mothers - Japan
_9670787
942 _hY22:(S1z7).42, P9
_cTEXL
_2CC
999 _c1111836
_d1111836